Paul Lambert's First and Last XI at Norwich City - Statistics

General Stats
  • This quiz has been taken 6 times
  • The average score is 24 of 25
Answer Stats
Answer % Correct
Adam Drury
100%
Andrew Crofts
100%
Ben Alnwick
100%
Bradley Johnson
100%
Cody McDonald
100%
Elliott Bennett
100%
Grant Holt
100%
Jens Berthel Askou
100%
John Ruddy
100%
Jonathan Howson
100%
Jon Otsemobor
100%
Kyle Naughton
100%
Michael Spillane
100%
Paul McVeigh
100%
Russell Martin
100%
Ryan Bennett
100%
Simeon Jackson
100%
Simon Lappin
100%
Steve Morison
100%
Wes Hoolahan
100%
Aaron Wilbraham
75%
Jamie Cureton
75%
Stephen Hughes
75%
Tom Adeyemi
75%
Korey Smith
50%
No matching quizzes found
Score Distribution
Percent of People with Each Score
Percentile by Number Answered
Your Score History
You have not taken this quiz